Hurricane - Luke Comb's Lyrics - Statistics

General Stats
  • This quiz has been taken 172 times
  • The average score is 155 of 235
Answer Stats
Lyric % Correct
a
95%
I
95%
i
95%
you
91%
like
90%
the
87%
hurricane
85%
in
85%
when
85%
your
84%
me
83%
my
83%
we
81%
with
81%
to
80%
hair
79%
hit
79%
wind
79%
had
78%
baby
76%
warning
76%
was
76%
without
75%
heart
74%
just
74%
but
73%
then
73%
moon
71%
out
71%
doing
70%
rolled
70%
alright
69%
and
69%
sight
69%
time
69%
came
67%
thunder
66%
long
65%
over
65%
shining
65%
stars
65%
friends
64%
went
64%
whole
64%
wrecked
64%
going
63%
into
63%
storming
63%
were
63%
world
63%
talkin
62%
good
61%
got
61%
lightning
61%
myself
61%
of
61%
since
61%
know
60%
drivin
59%
for
59%
first
58%
hopes
58%
staying
58%
talked
58%
quit
57%
rain
57%
feeling
56%
some
56%
be
55%
Hadn't
55%
mine
55%
bumped
54%
hiding
54%
it
50%
on
47%
house
45%
us
44%
eyes
41%
walked
41%
locked
39%
truck
39%
driving
38%
whiskey
36%
ice
35%
knew
35%
moment
35%
night
35%
started
35%
gonna
34%
till
33%
again
32%
from
32%
If
32%
wouldn't
32%
drink
31%
talking
31%
down
29%
bout
28%
here
25%
until
25%
smile
21%
back
19%
layed
18%
bedside
17%
woulda
15%
away
14%
blew
14%
lights
14%
midnight
14%
ain't
13%
done
13%
girl
13%
killed
11%
5
10%
bent
6%
word
6%
category
5%
No matching quizzes found
Score Distribution
Percent of People with Each Score
Percentile by Number Answered
Your Score History
You have not taken this quiz